| 000 | 00955nam a2200349Ia 4500 | ||
|---|---|---|---|
| 001 | 8773 | ||
| 005 | 20240113234132.0 | ||
| 007 | ta | ||
| 008 | 050721s1981 a g b000 u eng u | ||
| 020 | _a0-07-Y85260-X | ||
| 040 | _aCotton College Assam | ||
| 041 | _aeng | ||
| 082 |
_a300.0142 _bGo 59 Me |
||
| 082 |
_a572.301 _bGo 613 Me |
||
| 100 | _aGoode, William J.. | ||
| 245 | 0 |
_aMethods in Social Research / _cWilliam J.Goode & Paul K. Hatt. _hTextual Documents |
|
| 250 | _a1st ed / | ||
| 260 |
_aNew York : _bMcGraw - Hill book company , _c1981. |
||
| 300 |
_avii,386p. : _bill. ; _c21cm. . |
||
| 504 | _aIndex | ||
| 653 | _aAnthropology | ||
| 653 | _aSocial Research | ||
| 653 | _aResearch Methodology-Social Science | ||
| 653 | _aG-Computer Science | ||
| 653 | _aG-Social Sciences | ||
| 700 | _aHatt, Paul K. . | ||
| 942 |
_2ddc _cBK |
||
| 999 |
_c8760 _d8760 |
||